Statistics for SMITE Warriors

Click here to take the quiz!

General Stats

  • This quiz has been taken 87 times
  • The average score is 12 of 15

Answer Stats

Year AddedPantheonGod% Correct
2016JapaneseAmaterasu
93%
2019ArthurianKing Arthur
93%
2013MayanChaac
87%
2012NorseOdin
87%
2015RomanBellona
82%
2013RomanHercules
82%
2014EgyptOsiris
80%
2013NorseTyr
80%
2018GreekAchilles
78%
2012HinduVamana
76%
2012ChineseGuan Yu
75%
2013ChineseSun Wukong
69%
2017CelticCu Chulainn
67%
2016GreekNike
67%
2016ChineseErlang Shen
60%

Score Distribution

Percentile by Number Answered

Percent of People with Each Score

Your Score History

You have not taken this quiz